01471cam a22002774a 4500020001800000040000600018082002600024110001600050245006000066260004700126300003100173490003300204520056000237650002300797650003000820650003500850650001800885650003400903650002200937650004600959650003901005650004001044650003201084710001601116856006101132 a9780821378564 ca a332 WOR 2009 A065 Or.2 aWorld Bank.14aThe Little Data Book on Private Sector Development 2009 aWashington, D.C. :bThe World Bank,c2009. a1 online resource (232 p.)1 aWorld Development Indicators3 aThe Little Data Book on Private Sector Development 2009 is one of a series of pocket-sized books intended to provide a quick reference to development data on different topics. The Little Data Book on Private Sector Development 2009 provides data for more than 20 key indicators on business environment and private sector development in a single page for each of the World Bank member countries and other economies with populations of more than 30,000. These more than 200 country pages are supplemented by aggregate data for regional and income groupings. 4aAccess to Finance. 4aBanks and Banking Reform. 4aCurrencies and Exchange Rates. 4aDebt Markets. 4aEconomic Theory and Research. 4aEmerging Markets. 4aFinance and Financial Sector Development. 4aInvestment and Investment Climate. 4aMacroeconomics and Economic Growth. 4aPrivate Sector Development.2 aWorld Bank.40uhttp://elibrary.worldbank.org/content/book/9780821378540